| 000 | 01109cam a22001934a 4500 | ||
|---|---|---|---|
| 005 | 20250605164359.0 | ||
| 008 | 250528s ||||||||||||||||||||||||d | ||
| 035 | _a24481 | ||
| 040 |
_aGR-AtMCL _bgre _dGR-AtMCL _eAACR2 |
||
| 245 | 1 | _aΘέλουμε να Δημιουργούμε Καινοτόμα Προϊόντα / Επιτέλους και μια Θετική Είδηση για τα Social Media | |
| 260 | _c2019 | ||
| 300 | _a42 | ||
| 520 | _aΠόσο Βαθιά Μπορεί να Φτάσει το Disruption στην Καπνοβιομηχανία, Επικοινωνία με Αμεσότητα και Ασφάλεια και Ιδιωτικότητα, Ένας Κόσμος Όπου Τίποτα δεν Πάει Χαμένο είναι Εφικτός και Ξεκινάει από τη Θεσσαλονίκη, Η Τεχνολογία θα Αποτελεί Πάντα Κορυφαία Προτεραιότητα για τους Marketers. | ||
| 700 | 1 |
_aΚορδελάς Δημήτρης _99464 |
|
| 942 | _cCR | ||
| 710 | 2 |
_aThe Marketing Week _99825 |
|
| 999 |
_c9359 _d9359 |
||